The crisis counseling and traumatic events treatment planner, with DSM-5 updates / (Record no. 20120)
[ view plain ]
| 000 -LEADER | |
|---|---|
| fixed length control field | 01958cam a2200457 i 4500 |
| 001 - CONTROL NUMBER | |
| control field | 18365873 |
| 003 - CONTROL NUMBER IDENTIFIER | |
| control field | OSt |
| 005 - DATE AND TIME OF LATEST TRANSACTION | |
| control field | 20230510125123.0 |
| 008 - FIXED-LENGTH DATA ELEMENTS--GENERAL INFORMATION | |
| fixed length control field | 141107s2014 nju bf 001 0 eng |
| 010 ## - LIBRARY OF CONGRESS CONTROL NUMBER | |
| LC control number | 2014043903 |
| 020 ## - INTERNATIONAL STANDARD BOOK NUMBER | |
| International Standard Book Number | 9781119063155 |
| 035 ## - SYSTEM CONTROL NUMBER | |
| System control number | (DNLM)101645575 |
| 040 ## - CATALOGING SOURCE | |
| Original cataloging agency | DNLM/DLC |
| Transcribing agency | DLC |
| Description conventions | rda |
| Modifying agency | DLC |
| 042 ## - AUTHENTICATION CODE | |
| Authentication code | pcc |
| 050 00 - LIBRARY OF CONGRESS CALL NUMBER | |
| Classification number | RC455.4.L53 |
| Item number | K65 2014 |
| 100 1# - MAIN ENTRY--PERSONAL NAME | |
| Personal name | Kolski, Tammi D., |
| 240 10 - UNIFORM TITLE | |
| Uniform title | Crisis counseling and traumatic events treatment planner |
| 245 14 - TITLE STATEMENT | |
| Title | The crisis counseling and traumatic events treatment planner, with DSM-5 updates / |
| Statement of responsibility, etc. | Tammi D. Kolski, Arthur E. Jongsma, Jr. ; Rick A. Myer, |
| 250 ## - EDITION STATEMENT | |
| Edition statement | 2nd ed. |
| 264 #1 - PRODUCTION, PUBLICATION, DISTRIBUTION, MANUFACTURE, AND COPYRIGHT NOTICE | |
| Place of production, publication, distribution, manufacture | Hoboken, New Jersey : |
| Name of producer, publisher, distributor, manufacturer | Wiley, |
| Date of production, publication, distribution, manufacture, or copyright notice | 2014 |
| 300 ## - PHYSICAL DESCRIPTION | |
| Extent | xiv, 281 p. |
| 336 ## - CONTENT TYPE | |
| Content type term | text |
| Source | rdacontent |
| 337 ## - MEDIA TYPE | |
| Media type term | unmediated |
| Source | rdamedia |
| 338 ## - CARRIER TYPE | |
| Carrier type term | volume |
| Source | rdacarrier |
| 490 1# - SERIES STATEMENT | |
| Series statement | Practiceplanners series |
| 500 ## - GENERAL NOTE | |
| General note | Preceded by The crisis counseling and traumatic events treatment planner / Tammi D. Kolski, Arthur E. Jongsma, Jr. ; Rick A. Myer, contributing editor. 2nd ed. c2012. |
| 504 ## - BIBLIOGRAPHY, ETC. NOTE | |
| Bibliography, etc | Includes bibliographical references and index. |
| 650 12 - SUBJECT ADDED ENTRY--TOPICAL TERM | |
| Topical term or geographic name as entry element | Crisis Intervention |
| General subdivision | methods |
| Form subdivision | Handbooks. |
| 650 22 - SUBJECT ADDED ENTRY--TOPICAL TERM | |
| Topical term or geographic name as entry element | Counseling |
| Form subdivision | Handbooks. |
| 650 22 - SUBJECT ADDED ENTRY--TOPICAL TERM | |
| Topical term or geographic name as entry element | Life Change Events |
| Form subdivision | Handbooks. |
| 650 22 - SUBJECT ADDED ENTRY--TOPICAL TERM | |
| Topical term or geographic name as entry element | Patient Care Planning |
| Form subdivision | Handbooks. |
| 650 22 - SUBJECT ADDED ENTRY--TOPICAL TERM | |
| Topical term or geographic name as entry element | Stress Disorders, Traumatic |
| General subdivision | therapy |
| Form subdivision | Handbooks. |
| 650 22 - SUBJECT ADDED ENTRY--TOPICAL TERM | |
| Topical term or geographic name as entry element | Stress, Psychological |
| General subdivision | therapy |
| Form subdivision | Handbooks. |
| 700 1# - ADDED ENTRY--PERSONAL NAME | |
| Personal name | Jongsma, Arthur E., |
| Titles and other words associated with a name | Jr., |
| Dates associated with a name | 1943- , |
| 700 1# - ADDED ENTRY--PERSONAL NAME | |
| Personal name | Myer, Rick, |
| 776 08 - ADDITIONAL PHYSICAL FORM ENTRY | |
| Relationship information | Online version: |
| Main entry heading | Kolski, Tammi D., author. |
| Title | Crisis counseling and traumatic events treatment planner with DSM-5 updates |
| Edition | Second edition. |
| Place, publisher, and date of publication | Hoboken, New Jersey : John Wiley & Sons, Inc., [2015] |
| International Standard Book Number | 9781119064145 |
| Record control number | (DLC) 2014044773 |
| 830 #0 - SERIES ADDED ENTRY--UNIFORM TITLE | |
| Uniform title | Practice planners. |
| 906 ## - LOCAL DATA ELEMENT F, LDF (RLIN) | |
| a | 7 |
| b | cbc |
| c | orignew |
| d | 1 |
| e | ecip |
| f | 20 |
| g | y-gencatlg |
| 942 ## - ADDED ENTRY ELEMENTS (KOHA) | |
| Source of classification or shelving scheme | Library of Congress Classification |
| Koha item type | General Collection |
| Withdrawn status | Lost status | Source of classification or shelving scheme | Not for loan | Home library | Current library | Date acquired | Cost, normal purchase price | Total Checkouts | Full call number | Barcode | Date last seen | Date last checked out | Price effective from | Koha item type |
|---|---|---|---|---|---|---|---|---|---|---|---|---|---|---|
| Library of Congress Classification | Kabarak, Main Campus | Kabarak, Main Campus | 10/05/2023 | 6858.00 | 1 | RC455.4.L53 K65 2014 c.1 | 032273 | 17/11/2023 | 16/11/2023 | 10/05/2023 | General Collection |